| 000 | 00560 a2200157 4500 | ||
|---|---|---|---|
| 999 |
_c1619 _d1619 |
||
| 020 | _a9781447305088 | ||
| 050 | _aHC79 HAR 2012 | ||
| 100 |
_aHarris, Paul G. _eauthor |
||
| 245 |
_aEnvironmental policy and sustainable development in China : _bHong Kong in global context / _cPaul G. Harris. |
||
| 264 |
_aBristol, UK : _bThe Policy Press, _c2012 |
||
| 300 |
_ax, 294p. : _bill. |
||
| 500 | _aIncludes bibliographical references and index | ||
| 650 |
_a Environmental policy _xChina |
||
| 650 |
_aSustainable development _xChina |
||
| 942 |
_2lcc _cBK _h79 _iHAR _kHC |
||